Exposicions 2011 : espai interdiciplinari i Espai fotogràfic Humberto Rivas / Parc del Garraf espai interdiciplinari i Espai fotogràfic Humberto Rivas / Parc del Garraf
Publicado:
Barcelona :
Diputació de Barcelona. Àrea d'Espais Naturals, Xarxa de Parcs Naturals ,
2011
Descripción Física:
1 díptic ; il. col. ; 21 cm
MARC
| LEADER | 00000nam a2200000Ia 4500 | ||
|---|---|---|---|
| 001 | 23284 | ||
| 008 | 160829s2011 xx 000 0 cat d | ||
| 080 | |a FU-59-81 | ||
| 110 | |a Parc del Garraf (Catalunya) |9 9859 | ||
| 245 | |a Exposicions 2011 : |b espai interdiciplinari i Espai fotogràfic Humberto Rivas / Parc del Garraf | ||
| 260 | |a Barcelona : |b Diputació de Barcelona. Àrea d'Espais Naturals, Xarxa de Parcs Naturals, |c 2011 | ||
| 300 | |a 1 díptic ; |c il. col. ; |c 21 cm | ||
| 650 | |a Fotografies |x Exposicions |9 46574 | ||
| 650 | |a Rivas, Humberto |x Exposicions |9 46575 | ||
| 710 | 1 | |a Barcelona (Catalunya : Província). |b Xarxa de Parcs Naturals |9 7250 | |
| 710 | |a Barcelona (Catalunya : Província). |b Àrea d'Espais Naturals |9 9050 | ||
| 710 | 2 | |a Vallgrassa, Centre Experimental de les Arts |9 56131 | |
| 901 | |a Arxiu | ||
| 942 | |n 1 | ||
| 952 | |0 0 |1 0 |4 0 |6 FU5981 |7 1 |9 53290 |a Arxiu |b Arxiu |d 2011-10-11 |l 0 |o FU-59-81 |p 23284 |r 2016-12-01 00:00:00 |w 2016-12-01 |y ARXIU | ||
| 999 | |c 57154 |d 57154 | ||